| 000 | 00527nam a22001937a 4500 | ||
|---|---|---|---|
| 003 | OSt | ||
| 005 | 20160204184314.0 | ||
| 008 | 160204b xxu||||| |||| 00| 0 eng d | ||
| 020 | _a9782463000 | ||
| 040 | _cDDC. | ||
| 082 | _a347 ALU1997 | ||
| 100 |
_aAluko,Oluwole; _96698 |
||
| 245 | _aThe Civil Procedure of the Superior Courts in Nigeria. | ||
| 260 |
_aIbadan ,Lagos; _bSpectrum Law Publishing. _c1997. |
||
| 300 |
_axviii, 148p; _bill; _c22cm. |
||
| 504 | _aincludes index. | ||
| 650 |
_aLaw. _96699 |
||
| 942 |
_2ddc _cSLOAN |
||
| 999 |
_c2964 _d2964 |
||